000 01067nam a22002897a 4500
003 CBULib
005 20240813074152.0
008 230817b |||||||| |||| 00| 0 eng d
040 _acbulIB
_bEnglish
_cCBULib
_erda
041 _aeng
050 _aBRE(05)CP/4/74
100 1 _9597
_aButcher, E. G.
110 _aBuilding Research Establishment (BRE)
_9590
245 _aBuilding research establishment current paper : smoke tests in the pressurized stairs and lobbies of a 26-storey office building
_c/ by Building Research Establishment(BRE)
260 _aBorehamwood :
_bBuilding Research Establishment
_c[1971]
300 _a[5 pages]
336 _2rdacontent
_aText |
_btxt
337 _2rdamedia
_aUnmediated |
_bn
338 _2rdacarrier
_aVolume
_bnc
500 _aReprinted from: Building Services Engineer, vol 39, December 1971, pp206-210
504 _aIncludes reference
650 0 _9598
_aOFFICE BUILDINGS--FIRES AND FIRE PREVENTION
650 0 _9599
_aSMOKE
700 _9600
_aCottle, T.H.
700 _9601
_aBailey, T.A.
942 _2mc
_c029
999 _c81263
_d81263